[Event "ICS rated blitz match"]
[Site "204.178.125.65"]
[Date "1999.09.30"]
[Round "?"]
[White "Hossa"]
[Black "Mig"]
[Result "1-0"]
[WhiteElo "2464"]
[BlackElo "2429"]
[Annotator "Fritz 5.32 (20s)"]
[PlyCount "153"]
[EventDate "1999.??.??"]

1. e4 c5 2. Nf3 Nc6 3. d4 cxd4 4. Nxd4 d6 5. c4 g6 6. Nxc6 bxc6 7. Bd3 Bg7 8.
O-O Nf6 9. Nc3 O-O 10. Bg5 $146 (10. f4 Qb6+ 11. Kh1 Ng4 12. Qc2 Bd4 13. h3
Nf2+ 14. Kh2 Nxd3 15. Qxd3 c5 16. f5 Ba6 17. Nd5 Qb7 18. Bh6 Rfd8 19. fxg6 hxg6
20. Rab1 e6 21. Nf6+ Bxf6 22. Rxf6 Qc7 23. Kh1 Rab8 24. Qc3 Kh7 25. Rf4 Kxh6
26. Qf6 Kh7 27. Rh4+ {1-0 Vaisanen,K-Tawaststjerna,E/Helsinki 1993/EXT 99 (27)}
) 10... Rb8 11. Rb1 Be6 12. Qa4 Qc7 13. Be2 h6 14. Bf4 Nd7 15. Qa3 15... f5 {
Nun geraet Weiss unter starken Druck.} 16. c5 Ne5 17. Rbd1 $17 (17. cxd6 $5
$142 {ist zu beachten} 17... exd6 18. exf5 Bxf5 19. Rbc1 $11) 17... fxe4 18.
cxd6 18... exd6 $1 {bleibt am Druecker} 19. Rxd6 19... Rxf4 {
Schwarz droht stark Bf8} 20. Rxe6 Bf8 21. Qa4 {Greift den Isolani e4 an} 21...
Rxb2 22. Re8 $17 (22. g3 Rf5 23. Qxe4 Qf7 24. Rxe5 Rxe5 25. Qxe5 25... Kh7 $18)
22... Kh7 23. Qa6 $19 (23. g3 $5 23... Rf5 24. Qxe4 $17) 23... Bc5 24. Kh1 Rc2
25. g3 25... Rxf2 $1 {haelt den Vorteil fest. Droht entscheidend Qf7.} (25...
Rxc3 26. gxf4 Nd3 27. Rc8 $14) 26. Rxf2 Bxf2 27. Nxe4 Rc1+ 28. Kg2 Bd4 29. Qa3
{Droht Matt} 29... Rg1+ 30. Kh3 c5 31. Qa6 Qd7+ 32. Re6 Nf7 33. Bc4 $17 {
Der Laeufer kann schlecht vertrieben werden} (33. Qc6 $5 {
ist die kritische Fortsetzung} 33... Qxc6 34. Rxc6 $15) 33... Rb1 (33... Rc1
34. Kg2 $17) 34. g4 (34. Qc6 34... Rb7 $17) 34... h5 35. gxh5 35... Rb6 $1 {
bleibt am Druecker} (35... gxh5 $6 36. Bd3 Rg1 37. Nxc5+ Kg7 38. Nxd7 Ng5+ 39.
Kh4 Nf3+ 40. Kh3 Ng5+ 41. Kh4 Nf3+ 42. Kh3 42... Ng5+ $11) 36. hxg6+ Kg7 37.
Qxb6 {Weiss kann das gewonnene Material nicht behalten} 37... axb6 38. gxf7
38... b5 $1 {zwingend und schoen} (38... Kxf7 $6 {ist deutlich schlechter} 39.
Kg2 Kf8 40. Rxb6 $15) (38... Qxf7 $6 39. Ng3 Kf8 40. a4 $19) 39. Nxc5 (39. Ng5
{hilft auch nicht mehr} 39... bxc4 40. Kg3 Bf2+ 41. Kf4 Qd2+ 42. Kf5 Qd3+ (
42... Qxa2 $4 {der Bauer ist nicht zu nehmen} 43. Rg6+ Kf8 44. Rg8+ Ke7 45.
f8=Q+ Kd7 46. Qc8+ Kd6 47. Ne4+ Ke7 48. Qe6#) 43. Kg4 43... Be3 $19) 39... Qxf7
$1 {glaenzend gespielt} 40. Bd3 (40. Be2 Bxc5 41. Bg4 Qf1+ 42. Kg3 Bf2+ 43. Kf4
Bb6+ 44. Ke4 Qg2+ 45. Kf5 Qd5+ 46. Re5 Qd3+ 47. Ke6 Qg6+ 48. Kd7 Qxg4+ 49. Kc6
49... Bg1 $19) 40... Bxc5 (40... Qf3+ 41. Kh4 $19) 41. Rg6+ Kf8 42. Rg5 Qd7+
43. Rf5+ Ke7 (43... Kg7 $5 {waere im Gewinnsinne praeziser} 44. Bb1 Qe6 45. Bc2
$19) 44. Be4 (44. Bb1 {hilft allerdings auch nicht} 44... Bb6 $19) 44... Qe6
45. Bb1 Qe3+ 46. Kg4 Qe2+ (46... Qg1+ $142 {und Schwarz ist direkt am Ziel} 47.
Kh3 Qxb1 48. Rxc5 Qf1+ 49. Kg4 Qg1+ 50. Kf3 Qxc5 51. h4 $19) 47. Rf3 Qxh2 48.
Bd3 Qg2+ 49. Rg3 Qf2 (49... Qxa2 {laesst dem Gegner kaum Chancen} 50. Rh3 $19)
50. Bxb5 (50. Rf3 {aendert nichts mehr} 50... Qxa2 51. Bf5 Qc4+ 52. Kg3 52...
Qe2 $19) 50... Bd6 {Droht Matt: Qf4} 51. Rb3 Qg2+ (51... Bc7 $5 $142 {
und Schwarz haette es noch leichter} 52. Bc6 Qf4+ 53. Kh5 Qf7+ 54. Kg4 Qg6+ 55.
Kf3 Qxc6+ 56. Ke3 $19) 52. Kf5 52... Qf2+ $11 (52... Qd5+ $142 {
ist der schnellste Weg} 53. Kg4 Qe4+ 54. Kh3 54... Kf6 $19) 53. Kg4 53... Qg2+
$11 (53... Bc7 $19 $142 {und Schwarz gewinnt}) 54. Kf5 {
Aktiver Koenig im Endspiel} 54... Qd5+ 55. Kg6 (55. Kg4 {
ist noch eine duenne Chance} 55... Qe4+ 56. Kh3 $19) 55... Be5 $19 (55... Qf7+
56. Kg5 Qf4+ 57. Kg6 Qg4+ 58. Kh6 Bf4+ 59. Kh7 Kf8 60. a4 Qg7#) 56. Kf5 Bf6+ (
56... Bc7+ $142 {liesse Weiss keine Chance} 57. Kg4 $19) 57. Kf4 Qe5+ 58. Kf3
Qf5+ 59. Ke3 Be5 60. Be2 Qf4+ (60... Bf4+ {ist genauer} 61. Kf2 $19) 61. Kd3
Qd4+ (61... Qa4 {laesst dem Gegner kaum Chancen} 62. Ke3 $19) 62. Kc2 62... Bf4
{Es droht Matt} 63. Rb2 Qe4+ 64. Kb3 Qd5+ (64... Qe3+ $142 {sichert den Gewinn}
65. Ka4 Bd6 66. Rb7+ Kd8 67. Ka5 Qxe2 68. a3 $19) 65. Bc4 Qf3+ (65... Qd1+ $5 {
und Schwarz haette es noch leichter} 66. Kb4 Kd6 67. Kb5 $19) 66. Ka4 (66. Kc2
Be5 67. Rb3 Qe4+ 68. Bd3 Qg2+ 69. Kd1 69... Bf4 $19) 66... Kd6 (66... Bd6 $142
{und Schwarz gewinnt} 67. Rb4 Qc3 68. Rb7+ Kd8 69. Bf1 Qa3+ 70. Kb5 Qb4+ 71.
Ka6 Qa4+ 72. Kb6 $19) 67. Rc2 Qa8+ 68. Kb3 Be3 69. Bb5 Qb7 70. Rc6+ 70... Kd5 {
Mit der Mattdrohung Qxb5} 71. a4 Bd4 72. Rc1 Qb6 73. Rc4 Qf6 74. Bc6+ Kd6 75.
a5 (75. Bg2 Qe6 76. Bf1 Qe3+ 77. Kc2 Qf2+ 78. Kd3 78... Bg7 $19) 75... Bc5 (
75... Qf2 76. Rc2 Qe3+ 77. Ka2 Qe6+ 78. Ka3 Bc5+ 79. Kb2 Kxc6 80. a6 $19) 76.
Bb7 76... Qf3+ $4 $18 {und raufte sich die Haare} (76... Qa1 $142 {
liesse Weiss keine Chance} 77. a6 Qa3+ 78. Kc2 78... Kc7 $19) 77. Bxf3 (77.
Bxf3 Be3 78. a6 $18) 1-0

[Event "ICS rated blitz match"]
[Site "204.178.125.65"]
[Date "1999.09.27"]
[Round "?"]
[White "Hossa"]
[Black "Mig"]
[Result "1-0"]
[WhiteElo "2498"]
[BlackElo "2455"]
[PlyCount "135"]
[EventDate "1999.??.??"]

1. d4 Nf6 2. c4 d5 3. cxd5 Nxd5 4. e4 Nf6 5. Nc3 e6 6. Nf3 c6 7. Bd3 Be7 8. O-O
O-O 9. Bf4 b6 10. Qc2 Ba6 11. Bxa6 Nxa6 12. Qe2 Nc7 13. Rac1 Rc8 14. Ne5 Qe8
15. Bg5 h6 16. Bh4 c5 17. dxc5 Bxc5 18. Bxf6 gxf6 19. Ng4 Kg7 20. Qf3 Qe7 21.
Rfd1 Rg8 22. Na4 Na6 23. Qd3 Nb4 24. Qd2 Rh8 25. a3 Na6 26. Qd3 Nb8 27. b4 Rcd8
28. Qf3 Bd6 29. Nc3 a6 30. Ne3 Nd7 31. Ncd5 Qf8 32. Qg4+ Kh7 33. Nc3 Rg8 34.
Qh4 Ne5 35. Kh1 Qg7 36. Ne2 a5 37. f4 Ng6 38. Qf2 axb4 39. Rc6 Bc5 40. Rxd8
Rxd8 41. axb4 Rd1+ 42. Ng1 Bd4 43. Rc4 b5 44. Rxd4 Rxd4 45. Nf5 exf5 46. Qxd4
Nxf4 47. g3 Ne6 48. Qd5 fxe4 49. Qxe4+ Qg6 50. Qe1 Qd3 51. Kg2 Ng5 52. h4 Ne4
53. h5 Qd2+ 54. Qxd2 Nxd2 55. Ne2 Ne4 56. Kf3 Nd6 57. Ke3 Kg7 58. Kd4 f5 59.
Ke5 Nc4+ 60. Kxf5 Ne3+ 61. Ke5 Ng4+ 62. Kd5 Nf6+ 63. Kc6 Nxh5 64. Kxb5 f5 65.
Kc6 Nf6 66. b5 Ng8 67. b6 Ne7+ 68. Kd7 {Mig resigns} 1-0

[Event "ICS rated blitz match"]
[Site "204.178.125.65"]
[Date "1999.08.29"]
[Round "?"]
[White "Hossa"]
[Black "Mig"]
[Result "0-1"]
[WhiteElo "2497"]
[BlackElo "2450"]
[PlyCount "134"]
[EventDate "1999.??.??"]

1. d4 Nf6 2. c4 c5 3. d5 e6 4. Nc3 exd5 5. cxd5 d6 6. e4 g6 7. Bb5+ Bd7 8. Bd3
Bg7 9. Nge2 O-O 10. Bg5 h6 11. Bh4 Qb6 12. b3 Na6 13. O-O Nb4 14. Rb1 Nxd3 15.
Qxd3 Ng4 16. Qd2 Rae8 17. f3 Ne5 18. f4 Ng4 19. h3 Nf6 20. e5 dxe5 21. fxe5
Rxe5 22. Bxf6 Bxf6 23. Qf4 Bg7 24. Rbd1 c4+ 25. Qf2 cxb3 26. axb3 Qxf2+ 27.
Kxf2 Rc8 28. Rd3 a5 29. d6 Bf5 30. Rf3 Rce8 31. g4 Be6 32. Nd4 Bd7 33. Rd3 h5
34. Nf3 Rc5 35. Na4 Rc2+ 36. Kg3 Bb5 37. Rdd1 Bxf1 38. Rxf1 Rd8 39. gxh5 Rxd6
40. Re1 gxh5 41. Re8+ Kh7 42. Ng5+ Kg6 43. Nf3 b5 44. Ne1 Rc1 45. Re4 bxa4 46.
bxa4 Rc3+ 47. Kf2 Rd2+ 48. Re2 Rxe2+ 49. Kxe2 Rxh3 50. Nf3 Rxf3 51. Kxf3 Kf5
52. Ke2 Kf4 53. Kf2 h4 54. Ke2 h3 55. Kf2 Bd4+ 56. Kf1 Kf3 57. Ke1 h2 58. Kd2
h1=Q 59. Kc2 Qg2+ 60. Kd3 Qf2 61. Kc4 Ba1 62. Kb5 Ke4 63. Kc6 Qc2+ 64. Kb7 Kd5
65. Ka8 Qb3 66. Ka7 Kc6 67. Ka8 67... Qb7# {Hossa checkmated} 0-1

[Event "ICS rated blitz match"]
[Site "204.178.125.65"]
[Date "1999.10.02"]
[Round "?"]
[White "Hossa"]
[Black "Mihajlov"]
[Result "1-0"]
[WhiteElo "2409"]
[BlackElo "2051"]
[PlyCount "51"]
[EventDate "1999.??.??"]

1. e4 c5 2. c3 e6 3. d4 d5 4. e5 Nc6 5. Nf3 Qb6 6. Be2 Nh6 7. b3 cxd4 8. Bxh6
gxh6 9. O-O dxc3 10. Nxc3 Bg7 11. Bb5 O-O 12. Re1 Bd7 13. Bxc6 bxc6 14. Na4 Qc7
15. Nc5 Bc8 16. Rc1 a5 17. Qe2 f5 18. Nd4 Re8 19. Qh5 Bd7 20. Nxd7 Qxd7 21.
Rxc6 a4 22. bxa4 Rxa4 23. Rc7 Ra7 24. Rxd7 Rxd7 25. Qxe8+ Bf8 26. Qxd7 {
Mihajlov resigns} 1-0

[Event "ICS rated blitz match"]
[Site "204.178.125.65"]
[Date "1999.10.02"]
[Round "?"]
[White "Hossa"]
[Black "Mihajlov"]
[Result "1-0"]
[WhiteElo "2400"]
[BlackElo "2060"]
[PlyCount "145"]
[EventDate "1999.??.??"]

1. e4 c5 2. c3 e6 3. d4 cxd4 4. cxd4 d5 5. Bd3 dxe4 6. Bxe4 Nf6 7. Bf3 Bd6 8.
Ne2 O-O 9. O-O Nbd7 10. Nbc3 e5 11. Bg5 a6 12. Nd5 h6 13. dxe5 Bxe5 14. Bc1 Nb6
15. Bf4 Bxf4 16. Nexf4 Nbxd5 17. Nxd5 Nxd5 18. Qxd5 Qxd5 19. Bxd5 Rb8 20. Rac1
Rd8 21. Rfd1 Rd7 22. Bb3 Rxd1+ 23. Rxd1 Bg4 24. f3 Bf5 25. g4 Be6 26. Bxe6 fxe6
27. Rd6 Kf7 28. h4 Ke7 29. Rb6 e5 30. Kf2 Kd7 31. Ke3 Kc7 32. Re6 Kd7 33. Rxe5
Kd6 34. f4 Rc8 35. a4 Rc2 36. b4 Rc3+ 37. Kd4 Rg3 38. Rd5+ Kc6 39. g5 hxg5 40.
hxg5 Rb3 41. Rc5+ Kd6 42. Kc4 Rf3 43. Rd5+ Kc6 44. b5+ axb5+ 45. axb5+ Kb6 46.
f5 Rf4+ 47. Kc3 Kc7 48. Kd3 b6 49. Ke2 Rg4 50. g6 Rg5 51. Kf3 Rh5 52. Re5 Kd7
53. Kf4 Rh4+ 54. Kg5 Rb4 55. f6 gxf6+ 56. Kxf6 Rf4+ 57. Rf5 Rg4 58. g7 Ke8 59.
Rg5 Rxg5 60. Kxg5 Kf7 61. Kf5 Kxg7 62. Ke5 Kf7 63. Kd5 Ke7 64. Kc6 Kd8 65. Kxb6
Kc8 66. Ka7 Kc7 67. b6+ Kc6 68. b7 Kd7 69. b8=Q Kc6 70. Qe5 Kd7 71. Kb7 Kd8 72.
Kc6 Kc8 73. Qe8# {Mihajlov checkmated} 1-0

[Event "ICS rated blitz match"]
[Site "204.178.125.65"]
[Date "1999.10.04"]
[Round "?"]
[White "Hossa"]
[Black "Mihajlov"]
[Result "1-0"]
[WhiteElo "2373"]
[BlackElo "2170"]
[PlyCount "101"]
[EventDate "1999.??.??"]

1. e4 c5 2. Nf3 a6 3. Nc3 d6 4. Bc4 e6 5. d4 cxd4 6. Nxd4 Nf6 7. O-O b5 8. Bd3
Bb7 9. Re1 Nbd7 10. Bg5 Be7 11. a4 b4 12. Na2 Qb6 13. Nb3 a5 14. Qe2 O-O 15.
Rad1 Rfe8 16. Bb5 Bc6 17. Nd4 Bxb5 18. axb5 h6 19. Bh4 Ne5 20. c4 Rac8 21. b3
Nfd7 22. Bxe7 Rxe7 23. Qe3 Nc5 24. Nc6 Nxc6 25. Rxd6 Rec7 26. Red1 Nd7 27. Rxd7
Qxe3 28. fxe3 Ne5 29. Rxc7 Rxc7 30. Rd8+ Kh7 31. b6 Rb7 32. c5 a4 33. bxa4 b3
34. Nc3 b2 35. a5 Nc6 36. a6 Re7 37. b7 e5 38. Nb1 Kg6 39. Rd6+ f6 40. Rxc6 Rd7
41. Rd6 Rc7 42. b8=Q Rxc5 43. Qxb2 Rc4 44. a7 Ra4 45. Qb7 Ra1 46. Ra6 Rxb1+ 47.
Qxb1 h5 48. Qf1 Kf7 49. a8=R Ke7 50. Qf5 g6 51. Qe6# {Mihajlov checkmated} 1-0

[Event "ICS rated blitz match"]
[Site "204.178.125.65"]
[Date "1999.10.03"]
[Round "?"]
[White "Hossa"]
[Black "Mihajlov"]
[Result "1-0"]
[WhiteElo "2393"]
[BlackElo "2083"]
[PlyCount "59"]
[EventDate "1999.??.??"]

1. e4 c5 2. Nf3 Nc6 3. d4 cxd4 4. Nxd4 Nf6 5. Nc3 e5 6. Ndb5 d6 7. a4 a6 8. Na3
Be7 9. Bc4 Be6 10. O-O O-O 11. Re1 Nd4 12. Be3 Bxc4 13. Nxc4 Rc8 14. Na3 Ne6
15. Nd5 Nxd5 16. Qxd5 Qc7 17. Rad1 Rfd8 18. a5 Nc5 19. Nb1 Qxa5 20. Bxc5 dxc5
21. Qxb7 Bf8 22. Qb3 c4 23. Qe3 Bc5 24. Rxd8+ Qxd8 25. Qf3 Qb6 26. b3 cxb3 27.
cxb3 Rc6 28. Rf1 Rf6 29. Qg3 Qxb3 30. Qxb3 {Mihajlov resigns} 1-0

[Event "ICS rated blitz match"]
[Site "204.178.125.65"]
[Date "1999.09.22"]
[Round "?"]
[White "Hossa"]
[Black "Mikenas"]
[Result "0-1"]
[WhiteElo "1964"]
[BlackElo "1796"]
[PlyCount "33"]
[EventDate "1999.??.??"]

1. Nc3 d5 2. Nf3 Nf6 3. Ng5 e5 4. e4 d4 5. Nd5 Nxd5 6. Nxf7 Kxf7 7. Qh5+ g6 8.
Qxe5 Nf6 9. Bc4+ Kg7 10. d3 Bd6 11. Qxd4 Bb4+ 12. c3 Qxd4 13. O-O Bxc3 14. bxc3
Qxc3 15. Rb1 Nc6 16. Bf4 Re8 17. Rb3 {Hossa resigns} 0-1

[Event "ICS rated blitz match"]
[Site "204.178.125.65"]
[Date "1999.10.04"]
[Round "?"]
[White "Hossa"]
[Black "Mishtatef"]
[Result "1-0"]
[WhiteElo "2391"]
[BlackElo "2172"]
[PlyCount "67"]
[EventDate "1999.??.??"]

1. e4 c5 2. Nf3 d6 3. d4 cxd4 4. Nxd4 Nf6 5. Nc3 g6 6. Bc4 Bg7 7. h3 O-O 8. Bb3
a6 9. O-O b5 10. Bg5 Bb7 11. Bxf6 Bxf6 12. Bd5 Qc8 13. a4 b4 14. Bxb7 Qxb7 15.
Nd5 Bg7 16. a5 Ra7 17. Ra4 e6 18. Rxb4 Qc8 19. Nb6 Qc5 20. Ra4 Nc6 21. Rc4 Bxd4
22. Rxc5 Bxc5 23. Nc4 Rd8 24. Qd2 d5 25. exd5 Rxd5 26. Qc3 Rb7 27. Ne3 Bxe3 28.
Qxc6 Rxb2 29. fxe3 Rd8 30. c4 Kg7 31. Qc7 Rdd2 32. Rxf7+ Kh6 33. Rxh7+ Kg5 34.
Qe5# {Mishtatef checkmated} 1-0

[Event "ICS rated blitz match"]
[Site "204.178.125.65"]
[Date "1999.10.12"]
[Round "?"]
[White "Hossa"]
[Black "MissSilicon"]
[Result "0-1"]
[WhiteElo "2403"]
[BlackElo "2682"]
[PlyCount "83"]
[EventDate "1999.??.??"]

1. Nf3 Nf6 2. c4 e6 3. g3 c5 4. Bg2 d5 5. cxd5 exd5 6. O-O Nc6 7. d4 Bg4 8.
dxc5 Bxc5 9. Bg5 O-O 10. Bxf6 Qxf6 11. Nc3 Be6 12. Nxd5 Qxb2 13. e4 Rfd8 14.
Rc1 b6 15. Rc2 Qa3 16. Nd2 Bxd5 17. exd5 Nb4 18. Nc4 Qa6 19. Re1 Nxc2 20. Qxc2
Rac8 21. Qe2 Qxc4 22. Qxc4 Bxf2+ 23. Kxf2 Rxc4 24. a3 Rc3 25. Ra1 Rdc8 26. Bf1
Rc2+ 27. Kg1 Rc1 28. Ra2 Rd1 29. Re2 Kf8 30. Kf2 Rxd5 31. Re3 Rf5+ 32. Ke2 Rc2+
33. Kd1 Rxh2 34. Bd3 Rc5 35. Be4 Re5 36. Re1 Ra2 37. Re3 h6 38. g4 h5 39. gxh5
Rg5 40. Bc2 Rg1+ 41. Ke2 Rxc2+ 42. Kd3 {Hossa resigns} 0-1

[Event "ICS rated blitz match"]
[Site "204.178.125.65"]
[Date "1999.08.28"]
[Round "?"]
[White "Hossa"]
[Black "MissSilicon"]
[Result "0-1"]
[WhiteElo "2519"]
[BlackElo "2625"]
[PlyCount "79"]
[EventDate "1999.??.??"]

1. e4 c5 2. Nf3 e6 3. d4 cxd4 4. Nxd4 Nc6 5. Bb5 Qa5+ 6. Bd2 Qb6 7. Nxc6 Qxb5
8. Nd4 Qxb2 9. Nc3 Qb6 10. Nde2 Nf6 11. O-O Bd6 12. Bf4 Bxf4 13. Nxf4 O-O 14.
Rb1 Qc7 15. Qd2 b6 16. Rfe1 Ba6 17. e5 Ng4 18. Qd4 f6 19. exf6 Rac8 20. Nce2
Rxf6 21. g3 e5 22. Qd5+ Kh8 23. h3 exf4 24. hxg4 Bb7 25. Qd3 fxg3 26. Qxg3 Rh6
27. f3 Qxg3+ 28. Nxg3 Bxf3 29. g5 Rh3 30. Nf5 Rf8 31. Rb3 Rh1+ 32. Kf2 Bc6 33.
Rxh1 Rxf5+ 34. Kg3 Bxh1 35. Kg4 Ra5 36. a3 Be4 37. Re3 Ra4 38. Kg3 d5 39. Kf2
Kg8 40. Rc3 {Hossa resigns} 0-1

[Event "ICS rated blitz match"]
[Site "204.178.125.65"]
[Date "1999.08.28"]
[Round "?"]
[White "Hossa"]
[Black "MissSilicon"]
[Result "1-0"]
[WhiteElo "2490"]
[BlackElo "2636"]
[PlyCount "31"]
[EventDate "1999.??.??"]

1. e4 c5 2. Nf3 e6 3. d4 cxd4 4. Nxd4 Nc6 5. Bb5 Qa5+ 6. Bd2 Qb6 7. Nxc6 Qxb5
8. Nd4 Qxb2 9. Nc3 Qb6 10. Nde2 Nf6 11. O-O Bd6 12. Bf4 Bxf4 13. Nxf4 O-O 14.
Rb1 Qc7 15. Qd2 Qxc3 16. Qxc3 {MissSilicon resigns} 1-0

[Event "ICS rated blitz match"]
[Site "204.178.125.65"]
[Date "1999.10.14"]
[Round "?"]
[White "Hossa"]
[Black "MissSilicon"]
[Result "0-1"]
[WhiteElo "2354"]
[BlackElo "2701"]
[PlyCount "135"]
[EventDate "1999.??.??"]

1. d4 Nf6 2. c4 e6 3. Nf3 b6 4. Bf4 Bb4+ 5. Nfd2 Bb7 6. e3 O-O 7. Nc3 d6 8. a3
Bxc3 9. bxc3 Nbd7 10. Bg5 e5 11. Nf3 Qe8 12. Be2 Ne4 13. Qc2 Nxg5 14. Nxg5 f5
15. O-O Qe7 16. Nf3 Be4 17. Qa4 Nf6 18. Nd2 Bb7 19. Qb5 f4 20. d5 Bc8 21. exf4
exf4 22. Rae1 Bd7 23. Qb1 Qe5 24. Qb2 Rae8 25. Nf3 Qe4 26. Qd2 Qg6 27. Bd3 Qh6
28. Kh1 c6 29. Kg1 cxd5 30. cxd5 Bg4 31. Be2 Qh5 32. c4 Ne4 33. Qd3 Ng5 34. Nd4
f3 35. Bxf3 Rxe1 36. Rxe1 Bxf3 37. Nxf3 Rxf3 38. Qe2 Qg4 39. Kf1 Rf4 40. Qe7
Nh3 41. Re2 Rxf2+ 42. Rxf2 Qxc4+ 43. Qe2 Qc1+ 44. Qe1 Qxe1+ 45. Kxe1 Nxf2 46.
Kxf2 b5 47. Ke3 Kf7 48. h4 Kg6 49. Ke4 Kh5 50. Kf4 Kxh4 51. g3+ Kh5 52. Kf5 a5
53. g4+ Kh4 54. g5 b4 55. axb4 axb4 56. Ke4 Kxg5 57. Kd3 Kf4 58. Kd4 g5 59. Kd3
g4 60. Kd2 g3 61. Ke2 g2 62. Kd3 g1=Q 63. Kc4 Qc5+ 64. Kb3 Qc3+ 65. Ka4 b3 66.
Kb5 Qc5+ 67. Ka6 b2 68. Kb7 {Hossa resigns} 0-1

[Event "ICS rated blitz match"]
[Site "204.178.125.65"]
[Date "1999.09.02"]
[Round "?"]
[White "Hossa"]
[Black "MissSilicon"]
[Result "0-1"]
[WhiteElo "2487"]
[BlackElo "2673"]
[PlyCount "145"]
[EventDate "1999.??.??"]

1. d4 f5 2. e4 fxe4 3. Nc3 Nf6 4. Bg5 g6 5. Bxf6 exf6 6. Nxe4 d5 7. Ng3 Bd6 8.
Bb5+ c6 9. Bd3 Qb6 10. Rb1 Qa5+ 11. c3 Qxa2 12. N1e2 Bxg3 13. fxg3 Qa5 14. O-O
O-O 15. Nf4 Nd7 16. Nxg6 hxg6 17. Bxg6 Qc7 18. Qh5 Nb6 19. b3 a5 20. Rbe1 Qg7
21. Kh1 Bd7 22. Rf4 Rfd8 23. Ref1 Rf8 24. Rh4 Rfb8 25. Kg1 a4 26. Bh7+ Kf8 27.
Qe5 Kf7 28. Bb1 Rh8 29. Rhf4 Rh6 30. Qc7 Rah8 31. Qxb6 Rxh2 32. Rxf6+ Qxf6 33.
Rxf6+ Kxf6 34. bxa4 Rh1+ 35. Kf2 Bc8 36. Qb4 Kf7 37. g4 Rf8 38. Bf5 Kg8 39. Kg3
Bxf5 40. gxf5 Rxf5 41. Qxb7 Rh6 42. a5 Rg6+ 43. Kh2 Rf2 44. Qc8+ Kg7 45. Qc7+
Kh6 46. Kh3 Rfxg2 47. Qf4+ Kg7 48. Qe5+ Kf7 49. Qc7+ Ke8 50. a6 Rg1 51. Qc8+
Kf7 52. Qd7+ Kg8 53. Qe8+ Kh7 54. Qf7+ Kh6 55. Kh2 R1g5 56. Qf8+ Kh7 57. Qf7+
Rg7 58. Qf3 Kg6 59. Qd3+ Kh6 60. Qe3 Rh7 61. a7 Kg6+ 62. Qh3 Rxh3+ 63. Kxh3
Rh5+ 64. Kg3 Rh8 65. Kf4 Re8 66. Kg3 Ra8 67. Kf4 Rxa7 68. Ke3 Re7+ 69. Kd2 Kf5
70. Kd3 Rb7 71. Kc2 Ke4 72. Kd1 Kd3 73. Kc1 {Hossa resigns} 0-1

[Event "ICS rated blitz match"]
[Site "204.178.125.65"]
[Date "1999.10.13"]
[Round "?"]
[White "Hossa"]
[Black "MissSilicon"]
[Result "1/2-1/2"]
[WhiteElo "2442"]
[BlackElo "2666"]
[PlyCount "170"]
[EventDate "1999.??.??"]

1. d4 d5 2. c4 e6 3. Nc3 Nf6 4. Bg5 Nbd7 5. e3 c6 6. Nf3 Qa5 7. cxd5 Nxd5 8.
Qd2 Bb4 9. Rc1 f6 10. Bh4 c5 11. Be2 Qxa2 12. Nxa2 Bxd2+ 13. Kxd2 g5 14. Bg3 g4
15. Nh4 cxd4 16. exd4 f5 17. Bd6 N7f6 18. Ke1 Ne4 19. Bb5+ Bd7 20. Be5 Rf8 21.
Bc4 Rc8 22. Bd3 Rxc1+ 23. Nxc1 Ng5 24. Kd2 Nb4 25. Re1 Nxd3 26. Nxd3 Bc6 27.
Nb4 Ne4+ 28. Ke3 Bd7 29. Ra1 a6 30. Rc1 Rf7 31. Nd3 b6 32. Nb4 a5 33. Nd3 a4
34. Bc7 Nf6 35. Ne5 Nd5+ 36. Kd2 Rg7 37. Bd6 b5 38. Kd3 Nf4+ 39. Ke3 Nd5+ 40.
Kd2 Rg5 41. Rc5 Rh5 42. g3 Nf6 43. Rc7 Ne4+ 44. Kc2 Nxd6 45. Rxd7 Ne4 46. Rb7
Nd6 47. Rc7 Ne4 48. f3 gxf3 49. Nhxf3 Rh3 50. Kd3 Nf2+ 51. Kc3 Nd1+ 52. Kc2
Ne3+ 53. Kc1 Ng4 54. Rc6 Nxh2 55. Rxe6+ Kd8 56. Nxh2 Rxh2 57. d5 Rg2 58. Nc6+
Kd7 59. Re3 Kd6 60. Ne7 b4 61. Kb1 Rg1+ 62. Kc2 Kc5 63. Nxf5 Rg2+ 64. Kc1 Kxd5
65. Kb1 Rf2 66. Ng7 Rf1+ 67. Kc2 Rf2+ 68. Kc1 Rf1+ 69. Kd2 Rf2+ 70. Re2 Rxe2+
71. Kxe2 a3 72. bxa3 bxa3 73. Nf5 a2 74. Ne3+ Kd4 75. Kd2 a1=N 76. Ke2 Nb3 77.
Ng4 Nc1+ 78. Kf3 Nd3 79. Nf6 h6 80. Ng8 h5 81. Nf6 Ne5+ 82. Kg2 h4 83. gxh4 Ng6
84. h5 Nf4+ 85. Kh2 85... Nxh5 {
Game drawn because neither player has mating material} 1/2-1/2

[Event "ICS rated blitz match"]
[Site "204.178.125.65"]
[Date "1999.09.01"]
[Round "?"]
[White "Hossa"]
[Black "MissSilicon"]
[Result "0-1"]
[WhiteElo "2492"]
[BlackElo "2651"]
[PlyCount "56"]
[EventDate "1999.??.??"]

1. e4 e5 2. Nf3 Nc6 3. Bb5 Bc5 4. Bxc6 dxc6 5. d3 Nf6 6. Nc3 O-O 7. Bg5 Be6 8.
Ne2 Qd6 9. Bxf6 gxf6 10. c3 f5 11. Ng3 f4 12. Ne2 f5 13. b4 Bb6 14. Ng5 Rad8
15. Nc1 Bc4 16. exf5 Rxf5 17. Ne4 Qg6 18. Qf3 Be6 19. O-O Rf7 20. h3 Rg7 21.
Re1 Kh8 22. Kh1 Qh6 23. d4 Rdg8 24. dxe5 Rxg2 25. Ne2 Bxh3 26. Qh5 Qxh5 27. Ng5
R2xg5 28. f3 28... Bf5# {Hossa checkmated} 0-1

[Event "ICS rated blitz match"]
[Site "204.178.125.65"]
[Date "1999.09.11"]
[Round "?"]
[White "Hossa"]
[Black "MissSilicon"]
[Result "1/2-1/2"]
[WhiteElo "2464"]
[BlackElo "2672"]
[PlyCount "129"]
[EventDate "1999.??.??"]

1. e4 d5 2. exd5 Qxd5 3. d4 c6 4. Nf3 Bg4 5. Be2 Nf6 6. O-O Nbd7 7. c4 Qa5 8.
Nc3 e6 9. Re1 Bb4 10. Bd2 O-O 11. Qb3 c5 12. a3 Bxc3 13. Bxc3 Qc7 14. d5 exd5
15. cxd5 Rfe8 16. Bxf6 Nxf6 17. Rad1 Re4 18. d6 Qb6 19. Qxb6 axb6 20. h3 Bxf3
21. Bxf3 Rxe1+ 22. Rxe1 Rd8 23. Rd1 Rd7 24. Bg4 Nxg4 25. hxg4 g5 26. g3 Kg7 27.
Rd5 Kf6 28. f4 gxf4 29. gxf4 Ke6 30. Re5+ Kxd6 31. Kf2 f6 32. Re2 b5 33. Kf3 b6
34. Rd2+ Kc6 35. Rh2 Kd5 36. Re2 Kc4 37. Rh2 Re7 38. Rh6 Kb3 39. Rh2 Re1 40.
Rxh7 Kxb2 41. Rh6 c4 42. Kf2 Rd1 43. Rxf6 c3 44. Rxb6 c2 45. Rxb5+ Kxa3 46. Rc5
c1=Q 47. Rxc1 Rxc1 48. f5 Rc3 49. g5 Rc5 50. Kf3 Rxf5+ 51. Kg4 Rf7 52. Kh5 Rh7+
53. Kg6 Rh2 54. Kf6 Rf2+ 55. Kg6 Kb4 56. Kh6 Rh2+ 57. Kg7 Kc5 58. g6 Kd6 59.
Kf7 Rf2+ 60. Ke8 Ke6 61. g7 Rg2 62. Kf8 Rf2+ 63. Ke8 Rg2 64. Kf8 Rxg7 65. Kxg7
{Game drawn because neither player has mating material} 1/2-1/2

[Event "ICS rated blitz match"]
[Site "204.178.125.65"]
[Date "1999.10.12"]
[Round "?"]
[White "Hossa"]
[Black "MissSilicon"]
[Result "0-1"]
[WhiteElo "2417"]
[BlackElo "2660"]
[PlyCount "128"]
[EventDate "1999.??.??"]

1. e4 e5 2. Bc4 Nf6 3. d3 c6 4. Nf3 d5 5. Bb3 Bg4 6. exd5 Nxd5 7. O-O Bb4 8. c3
Be7 9. Re1 f6 10. Be3 O-O 11. Nbd2 Kh8 12. d4 Nd7 13. Qe2 exd4 14. cxd4 Bd6 15.
Nc4 Bb4 16. Bd2 Bxd2 17. Ncxd2 Re8 18. Qf1 Qb6 19. Rac1 Rad8 20. Bxd5 cxd5 21.
b3 Qa5 22. a4 Qb4 23. Qd3 Nb6 24. Re3 Rxe3 25. fxe3 Qa3 26. Rc7 Rd7 27. Rc3
Qa1+ 28. Nb1 Bxf3 29. gxf3 Qa2 30. Rc5 Rd8 31. Rc7 Rc8 32. Rxc8+ Nxc8 33. e4
Ne7 34. exd5 Nxd5 35. Qe4 Ne7 36. b4 Ng8 37. d5 Qxa4 38. Kf2 Qd7 39. Qd4 Qd6
40. Kg2 Ne7 41. Nc3 b6 42. b5 Kg8 43. Qc4 Kf7 44. Qa2 Kg6 45. Qa4 Qc5 46. Qe4+
Kf7 47. Qd3 Ng6 48. Ne2 Ne5 49. Qb3 Nc4 50. Nc3 Qd4 51. Ne4 Kg6 52. Qa2 Ne3+
53. Kh3 f5 54. Nd6 Kh5 55. Qf2 g5 56. Nxf5 g4+ 57. Kg3 Qe5+ 58. f4 Nxf5+ 59.
Kg2 Ne3+ 60. Qxe3 Qxe3 61. Kf1 Kh4 62. f5 g3 63. Kg2 Qf2+ 64. Kh1 64... Qxh2# {
Hossa checkmated} 0-1